What has been the impact of Special Economic Zones on land and property markets in Hyderabad? (Record no. 112532)

MARC details
000 -LEADER
fixed length control field 01093cad a22002415a 4500
001 - CONTROL NUMBER
control field E153467
008 - FIXED-LENGTH DATA ELEMENTS--GENERAL INFORMATION
fixed length control field 110801s2010 xxk f 000 0 eng d
020 1# - INTERNATIONAL STANDARD BOOK NUMBER
International Standard Book Number 9781842195949
035 ## - SYSTEM CONTROL NUMBER
System control number (Sirsi) u153467
041 0# - LANGUAGE CODE
Language code of text/sound track or separate title eng
100 1# - MAIN ENTRY--PERSONAL NAME
Personal name Tiwari, Piyush
245 00 - TITLE STATEMENT
Title What has been the impact of Special Economic Zones on land and property markets in Hyderabad?
Medium [electronic resource]
260 ## - PUBLICATION, DISTRIBUTION, ETC.
Place of publication, distribution, etc. London
Name of publisher, distributor, etc. RICS
Date of publication, distribution, etc. 2010
490 #0 - SERIES STATEMENT
Series statement RICS Findings in Built and Rural Environments
520 ## - SUMMARY, ETC.
Summary, etc. Special Economic Zones are industrial and commercial parks on urban fringes which offer incentives to occupiers and developers, and which have been introduced in India as a way to encourage economic development. This research examines their broader impacts on land and property markets.
521 ## - TARGET AUDIENCE NOTE
Target audience note Advanced
590 ## - LOCAL NOTE (RLIN)
Local note KA
651 #4 - SUBJECT ADDED ENTRY--GEOGRAPHIC NAME
Geographic name India
690 ## - LOCAL SUBJECT ADDED ENTRY--TOPICAL TERM (OCLC, RLIN)
Topical term or geographic name as entry element PROPERTY-COMMERCIAL PROPERTY-COMMERCIAL PROPERTY MANAGEMENT
700 1# - ADDED ENTRY--PERSONAL NAME
Personal name Rastogi, Anupam
856 40 - ELECTRONIC LOCATION AND ACCESS
Uniform Resource Identifier <a href="https://www.rics.org/Global/Downloads/Special_Enterprise_Zones_in_Hyderabad.pdf">https://www.rics.org/Global/Downloads/Special_Enterprise_Zones_in_Hyderabad.pdf</a>
Public note Broken link - not available
942 ## - ADDED ENTRY ELEMENTS (KOHA)
Suppress in OPAC 0
Holdings
Withdrawn status Lost status Source of classification or shelving scheme Damaged status Not for loan Home library Current library Shelving location Date acquired Total Checkouts Full call number Barcode Date last seen Copy number Price effective from Koha item type
    Dewey Decimal Classification     Virtual Virtual Online 01/08/2011   ONLINE PUBLICATION 153467-1001 06/08/2019 1 06/08/2019 Book